Static and dynamic analysis of engineering structures : incorporating the boundary element method /

"This book examines static and dynamic analysis of engineering structures for methodological and practical purposes. The first chapter solves problems using traditional techniques. Next, boundary element methods are introduced. Vibrations of discrete and continuous systems are then discussed. T...

Full description

Bibliographic Details
Main Authors: Petrosian, Levon G. (Levon Gregory), 1952- (Author), Ambart︠s︡umi︠a︡n, V. A. (Vladimir Aleksandrovich) (Author)
Corporate Author: Knovel (Firm)
Format: eBook
Language:English
Published: Hoboken, NJ : John Wiley and Sons, Incorporated, 2020.
Subjects:
Online Access:Connect to the full text of this electronic book

MARC

Tag First Indicator Second Indicator Subfields
LEADER 00000cam a2200000 i 4500
001 in00004639708
006 m o d
007 cr |||||||||||
008 190808t20202020njua ob 001 0 eng
005 20230110224425.1
010 |a  2019034988 
035 |a (OCoLC)on1114272374 
040 |a DLC  |b eng  |e rda  |e pn  |c DLC  |d OCLCO  |d OCLCF  |d YDX  |d EBLCP  |d RECBK  |d DG1  |d UKAHL  |d OCLCQ  |d YDX  |d DG1  |d OCLCQ  |d OCLCO  |d K6U 
019 |a 1150279626 
020 |a 9781119592938  |q (electronic book) 
020 |a 1119592933  |q (electronic book) 
020 |a 9781119592884  |q (electronic book) 
020 |a 1119592887  |q (electronic book) 
020 |a 9781119592945  |q (electronic book) 
020 |a 1119592941  |q (electronic book) 
020 |z 9781119592839  |q (hardcover) 
020 |z 1119592836  |q (hardcover) 
035 |a (OCoLC)1114272374  |z (OCoLC)1150279626 
042 |a pcc 
050 0 4 |a TA640  |b .P48 2020 
082 0 0 |a 624.1/7  |2 23 
049 |a TXAM 
100 1 |a Petrosian, Levon G.  |q (Levon Gregory),  |d 1952-  |e author. 
245 1 0 |a Static and dynamic analysis of engineering structures :  |b incorporating the boundary element method /  |c Levon G. Petrosian, Vladimir A. Ambartsumian. 
264 1 |a Hoboken, NJ :  |b John Wiley and Sons, Incorporated,  |c 2020. 
264 4 |c ©2020 
300 |a 1 online resource :  |b illustrations 
336 |a text  |b txt  |2 rdacontent 
337 |a computer  |b c  |2 rdamedia 
338 |a online resource  |b cr  |2 rdacarrier 
504 |a Includes bibliographical references and index. 
520 |a "This book examines static and dynamic analysis of engineering structures for methodological and practical purposes. The first chapter solves problems using traditional techniques. Next, boundary element methods are introduced. Vibrations of discrete and continuous systems are then discussed. The final chapters offer solutions for more complex systems, such as elastic waves in inhomogeneous media, frequency-dependent damping, and membranes of arbitrary shape. The aim of this book is to provide the readers with a guide to analyzing static and dynamic structures using traditional and advanced approaches with real-world, practical examples. Analysis of static and dynamic structures lies at the heart of mechanical engineering, and many techniques and approaches have been developed over the years to improve modeling and prediction of the performance of such structures. Typically, one of the most difficult aspects to model are the boundaries and discontinuities of a structure, and it is research in this area that led to one of the most established techniques employed today known as the Boundary Element Method"--  |c Provided by publisher 
588 0 |a Online resource; title from digital title page (viewed on May 28, 2020). 
650 0 |a Structural analysis (Engineering)  |x Mathematics. 
650 0 |a Boundary element methods. 
650 6 |a Théorie des constructions  |x Mathématiques. 
650 6 |a Méthodes des équations intégrales de frontière. 
650 7 |a TECHNOLOGY & ENGINEERING  |x Structural.  |2 bisacsh 
650 7 |a Boundary element methods.  |2 fast  |0 (OCoLC)fst00837093 
650 7 |a Structural analysis (Engineering)  |x Mathematics.  |2 fast  |0 (OCoLC)fst01135611 
655 7 |a Electronic books.  |2 local 
700 1 |a Ambart︠s︡umi︠a︡n, V. A.  |q (Vladimir Aleksandrovich),  |e author. 
710 2 |a Knovel (Firm) 
776 0 8 |i Print version:  |a Petrosian, Levon G. (Levon Gregory), 1952-  |t Static and dynamic analysis of engineering structures.  |b First edition.  |d Hoboken, NJ : John Wiley & Sons, Inc., 2020  |z 9781119592839  |w (DLC) 2019034987 
856 4 0 |u http://proxy.library.tamu.edu/login?url=https://app.knovel.com/hotlink/toc/id:kpSDAESIBF/static-and-dynamic?kpromoter=marc  |z Connect to the full text of this electronic book  |t 0 
955 |a Knovel ebooks 
994 |a 92  |b TXA 
999 f f |s 95876ffd-d343-42a8-9c29-885695d8400c  |i 40e5eaac-e93f-475d-8349-cc8cc1b9f8c5  |t 0 
952 f f |a Texas A&M University  |b College Station  |c Electronic Resources  |d Available Online  |t 0  |e TA640 .P48 2020  |h Library of Congress classification 
998 f f |a TA640 .P48 2020  |t 0  |l Available Online